La vivienda de interés social en Guadalajara : análisis crítico : proposición concreta de una unidad y procedimientos para su promoción /

Guardado en:
Bibliografiske detaljer
Hovedforfatter: Guitrón López, Mario Alberto (autor)
Andre forfattere: Montaño Uribe, Mauricio (autor) (autor)
Format: Bog
Sprog:spansk
Udgivet: Guadalajara, México : Universidad de Guadalajara, Facultad de Arquitectura, 1986
Fag:
Tags: Tilføj Tag
Ingen Tags, Vær først til at tagge denne postø!

MARC

LEADER 00000nam^a2200000^a^4500
001 000623827
005 20251104000000.0
009 20260310133945.897
025 |a Donación Laura Daniela Fernández Zea, 1 ejemplar 
037 |a Acervo ITESO - Biblioteca 
041 |a ESP 
082 |a 728. 10972352  |b GUI 
100 |a Guitrón López, Mario Alberto  |e (autor) 
245 1 3 |a La vivienda de interés social en Guadalajara :  |b análisis crítico : proposición concreta de una unidad y procedimientos para su promoción /  |c M.A. Guitrón López, M. Montaño Uribe. 
264 1 |a Guadalajara, México :  |b Universidad de Guadalajara, Facultad de Arquitectura,  |c 1986 
300 |a 104 p. 
336 |a texto  |b txt  |2 rdacontenido 
337 |a sin mediación  |b n  |2 rdamedio 
338 |a volumen  |b nc  |2 rdasoporte 
561 |a Dedicatoria con la leyenda: Roberto: consérvala como muestra de nuestra más sincera amistad. Mario Guitrón López, Montaño V. 
593 |a Tesis de Licenciatura en Arquitectura, Universidad de Guadalajara 
649 |a XX 
650 |a Vivienda de Interés Social -  |z Guadalajara, Jalisco -  |x Tema Principal 
650 |a Vivienda de Interés Social -  |z México 
650 |a Unidades Habitacionales -  |z Guadalajara, Jalisco -  |x Tema Principal 
650 |a Unidades Habitacionales -  |z México 
650 |a Vivienda -  |z Guadalajara, Jalisco 
650 |a Vivienda -  |z México 
650 |a Planos Arquitectónicos -  |z Guadalajara, Jalisco 
650 |a Planos Arquitectónicos -  |z México 
650 |a Proyecto Arquitectónico -  |z Guadalajara, Jalisco 
650 |a Proyecto Arquitectónico -  |z México 
650 |a Desarrollo Urbano -  |z Guadalajara, Jalisco 
650 |a Desarrollo Urbano -  |z México 
650 |a Urbanismo -  |z Guadalajara, Jalisco 
650 |a Urbanismo -  |z México 
650 |a Arquitectura -  |z Guadalajara, Jalisco 
650 |a Arquitectura -  |z México 
700 |a Montaño Uribe, Mauricio  |e (autor) 
910 |a Fondo General 
920 |a Impresos - Tesis Externas 
930 |a Libros Antiguos y Raros 
905 |a 108 
901 |a 624223-10  |b IT2  |c LRA  |i D  |u 20251104 
902 |a https://opac.biblio.iteso.mx/vufind/Record/000623827